000
00334nam a2200133Ia 4500
008
220216s9999 xx 000 0 und d
100
_a
De Vries A J
245
0
_a
Electron microscopy of hevea latex gels
260
_b
IRI Transactions
_c
1954
300
_a
76-80
650
_a
Hevea latex gels
700
_a
Dalitz V CH
942
_c
JS
999
_c
58531
_d
58531